00283nam a2200109Ia 4500008004100000100004600041245001500087260000900102300003000111440002400141650000800165180117s9999 xx 000 0 und d aby Jacky Lynne A Oiga and Raymond Antonio aSea Change c2017 a16-18 pages, 2017 March 5 aPhilippine Panorama aSEA